000 00493nam a2200193Ia 4500
001 10232
003 GE_BSU
008 181216s||||||||xx |||||||||||||| ||und||
040 _cGE_BSU
245 _aИммунология.Том 35. №2 2014
245 _cРед.Е.И.Константинова
260 _aМосква
260 _bМедицина
260 _c2014
300 _a120стр.29см.
653 _aИммунология.
653 _aМедицина
942 _cCR
999 _c43501
_d43501